| 000 | 00432nam a2200181Ia 4500 | ||
|---|---|---|---|
| 003 | GCL | ||
| 008 | 140319s9999 xx 000 0 eng d | ||
| 040 |
_aGCL / _cGCL |
||
| 082 | 0 | 4 |
_a005.3 _bT B |
| 100 | 1 | _aTOOHEY, JOHN | |
| 245 | 1 | 0 |
_aBUILDING OCXS / _cTOOHEY, JOHN |
| 700 | 1 | _aTOUPIN, EDUARD | |
| 260 |
_a[S.N] : _bQUE ، _c1995 |
||
| 300 | _a407 P | ||
| 650 | 0 | 4 | _aشعر الحرب |
| 650 | 0 | 4 | _aSOFT WARE |
| 942 |
_2ddc _cBK |
||
| 999 |
_c10410 _d10410 |
||